MARC details
| 000 -LEADER |
| fixed length control field |
04651nam a2200697 i 4500 |
| 001 - CONTROL NUMBER |
| control field |
BDZ0055306558 |
| 003 - CONTROL NUMBER IDENTIFIER |
| control field |
StDuBDS |
| 005 - DATE AND TIME OF LATEST TRANSACTION |
| control field |
20250318132046.0 |
| 006 - FIXED-LENGTH DATA ELEMENTS--ADDITIONAL MATERIAL CHARACTERISTICS |
| fixed length control field |
m|||||o||d|||||||| |
| 007 - PHYSICAL DESCRIPTION FIXED FIELD--GENERAL INFORMATION |
| fixed length control field |
cr ||||||||||| |
| 008 - FIXED-LENGTH DATA ELEMENTS--GENERAL INFORMATION |
| fixed length control field |
240910s2025 enk fo 001|0 eng|d |
| 020 ## - INTERNATIONAL STANDARD BOOK NUMBER |
| International Standard Book Number |
9781040176245 (PDF ebook) : |
| Terms of availability |
No price |
| 020 ## - INTERNATIONAL STANDARD BOOK NUMBER |
| International Standard Book Number |
9781040176306 (ePub ebook) : |
| Terms of availability |
No price |
| 020 ## - INTERNATIONAL STANDARD BOOK NUMBER |
| International Standard Book Number |
9781003522348 (ebook) : |
| Terms of availability |
No price |
| 020 ## - INTERNATIONAL STANDARD BOOK NUMBER |
| Canceled/invalid ISBN |
9781032863177 (hbk.) : |
| Terms of availability |
160.00 |
| 020 ## - INTERNATIONAL STANDARD BOOK NUMBER |
| Canceled/invalid ISBN |
9781032844145 (pbk.) : |
| Terms of availability |
No price |
| 040 ## - CATALOGING SOURCE |
| Original cataloging agency |
StDuBDS |
| Language of cataloging |
eng |
| Description conventions |
rda |
| -- |
pn |
| Transcribing agency |
StDuBDS |
| Modifying agency |
StDuBDSZ |
| 050 #0 - LIBRARY OF CONGRESS CALL NUMBER |
| Classification number |
KD1185 |
| Item number |
.D459 2025 |
| 072 #7 - SUBJECT CATEGORY CODE |
| Subject category code |
LAW |
| Source |
ukslc |
| 072 #7 - SUBJECT CATEGORY CODE |
| Subject category code |
LN |
| Source |
bicssc |
| 072 #7 - SUBJECT CATEGORY CODE |
| Subject category code |
LNSH5 |
| Source |
bicssc |
| 072 #7 - SUBJECT CATEGORY CODE |
| Subject category code |
KFFR |
| Source |
bicssc |
| 072 #7 - SUBJECT CATEGORY CODE |
| Subject category code |
LNCQ |
| Source |
bicssc |
| 072 #7 - SUBJECT CATEGORY CODE |
| Subject category code |
LNKW |
| Source |
bicssc |
| 072 #7 - SUBJECT CATEGORY CODE |
| Subject category code |
TN |
| Source |
bicssc |
| 072 #7 - SUBJECT CATEGORY CODE |
| Subject category code |
LN |
| Source |
thema |
| 072 #7 - SUBJECT CATEGORY CODE |
| Subject category code |
LNSH5 |
| Source |
thema |
| 072 #7 - SUBJECT CATEGORY CODE |
| Subject category code |
KFFR |
| Source |
thema |
| 072 #7 - SUBJECT CATEGORY CODE |
| Subject category code |
LNCQ |
| Source |
thema |
| 072 #7 - SUBJECT CATEGORY CODE |
| Subject category code |
LNKW |
| Source |
thema |
| 072 #7 - SUBJECT CATEGORY CODE |
| Subject category code |
TN |
| Source |
thema |
| 072 #7 - SUBJECT CATEGORY CODE |
| Subject category code |
AMVD |
| Source |
thema |
| 072 #7 - SUBJECT CATEGORY CODE |
| Subject category code |
LNS |
| Source |
thema |
| 072 #7 - SUBJECT CATEGORY CODE |
| Subject category code |
LNSH |
| Source |
thema |
| 072 #7 - SUBJECT CATEGORY CODE |
| Subject category code |
TNK |
| Source |
thema |
| 072 #7 - SUBJECT CATEGORY CODE |
| Subject category code |
KNJ |
| Source |
thema |
| 082 04 - DEWEY DECIMAL CLASSIFICATION NUMBER |
| Classification number |
343.420252 |
| Edition number |
23 |
| 100 1# - MAIN ENTRY--PERSONAL NAME |
| Personal name |
Denyer-Green, Barry, |
| Relator term |
author. |
| 245 10 - TITLE STATEMENT |
| Title |
Compulsory purchase and compensation |
| Statement of responsibility, etc. |
Barry Denyer-Green. |
| Medium |
[electronic resource] / |
| 250 ## - EDITION STATEMENT |
| Edition statement |
Twelfth edition. |
| 264 #1 - PRODUCTION, PUBLICATION, DISTRIBUTION, MANUFACTURE, AND COPYRIGHT NOTICE |
| Place of production, publication, distribution, manufacture |
London : |
| Name of producer, publisher, distributor, manufacturer |
Routledge, |
| Date of production, publication, distribution, manufacture, or copyright notice |
2025. |
| 300 ## - PHYSICAL DESCRIPTION |
| Extent |
1 online resource (lii, 403 pages) |
| 336 ## - CONTENT TYPE |
| Content type term |
text |
| Source |
rdacontent |
| 337 ## - MEDIA TYPE |
| Media type term |
computer |
| Source |
rdamedia |
| 338 ## - CARRIER TYPE |
| Carrier type term |
online resource |
| Source |
rdacarrier |
| 366 ## - TRADE AVAILABILITY INFORMATION |
| Detailed date of publication |
20241120 |
| Availability status code |
In stock |
| 500 ## - GENERAL NOTE |
| General note |
Previous edition: 2019. |
| 500 ## - GENERAL NOTE |
| General note |
Includes index. |
| 505 0# - FORMATTED CONTENTS NOTE |
| Formatted contents note |
Table of casesTable of statutesPrefacePART I THE POWER TO COMPULSORILY PURCHASE LAND1. Introduction2. The need for statutory powers3. The sources of compulsory purchase powers4. Compulsory purchase, works and development consent orders5. Purchase and blight notices6. Purchase and disposal by agreementPART II EXERCISING THE POWERS OF COMPULSORY PURCHASE 7. Exercising powers of a compulsory purchase8. The land: What is acquired9. Taking possession and conveyance10. The Tribunals ServicePART III COMPENSATION FOR THE COMPULSORY PURCHASE OF LAND 11. Introduction to the assessment of compensation for land acquired12. Compensation for land acquired: Market value13. Statutory planning assumptions14. The effect of the scheme15. Depreciation or enhancement of retained land: Compensation or set-off16. Compensation for land acquired: Special cases17. Compensation for disturbance and other matters18. Additional payments19. Compensation for leasehold interests and tenancies20. Compensation for the acquisition of agricultural land21. Special compensation procedures22. Compensation and taxPART IV WORSENMENT, MITIGATION AND OTHER COMPENSATION MATTERS 23. Compensation for activities24. Mitigation of injurious effect of public works25. Compensation for decisions26. Statutory utilities: Compensation for wayleaves and damages27. Human rights |
| 520 8# - SUMMARY, ETC. |
| Summary, etc. |
Compulsory Purchase and Compensation remains the essential guide to this complex and increasingly relevant area of the law. Now in its 12th edition, no other book presents the same level of information on the law relating to compulsory purchase and compensation in England and Wales in such an accessible way.The book is also especially suited to those coming to this complex subject without a specific background in the law and is ideal reading for those students taking planning and built environment modules. Surveyors in particular will find this book invaluable.Whilst this new edition picks up the very many decisions of the Upper Tribunal and the higher courts since the 11th edition, the principal piece of new legislation is the Levelling-up and Regeneration Act 2023. One of the controversial provisions in the 2023 Act is the power to include in a compulsory purchase order a direction, the effect of which is that in relation to certain limited purposes, compensation shall be assessed on the basis that no planning permission would be granted for development on the relevant land; in effect, no hope value and only existing use values would be paid. |
| 588 ## - SOURCE OF DESCRIPTION NOTE |
| Source of description note |
Description based on print version record. |
| 650 #0 - SUBJECT ADDED ENTRY--TOPICAL TERM |
| Topical term or geographic name entry element |
COMPULSORY PURCHASE |
| 650 #0 - SUBJECT ADDED ENTRY--TOPICAL TERM |
| Topical term or geographic name entry element |
PLANNING |
| 650 #0 - SUBJECT ADDED ENTRY--TOPICAL TERM |
| Topical term or geographic name entry element |
Compensation (Law) |
| 650 #7 - SUBJECT ADDED ENTRY--TOPICAL TERM |
| Topical term or geographic name entry element |
Law |
| 650 #7 - SUBJECT ADDED ENTRY--TOPICAL TERM |
| Topical term or geographic name entry element |
Conveyancing law |
| Source of heading or term |
thema |
| 650 #7 - SUBJECT ADDED ENTRY--TOPICAL TERM |
| Topical term or geographic name entry element |
Planning law |
| Source of heading or term |
thema |
| 776 08 - ADDITIONAL PHYSICAL FORM ENTRY |
| Relationship information |
Print version : |
| International Standard Book Number |
9781032863177 |
| 856 40 - ELECTRONIC LOCATION AND ACCESS |
| Uniform Resource Identifier |
<a href="https://www.vlebooks.com/product/openreader?id=RICS&accId=9491556&isbn=9781040176245">https://www.vlebooks.com/product/openreader?id=RICS&accId=9491556&isbn=9781040176245</a> |
| Public note |
Available on VLeBooks (email [email protected] if you do not have a login) |
| 942 ## - ADDED ENTRY ELEMENTS (KOHA) |
| Source of classification or shelving scheme |
Dewey Decimal Classification |